| 000 | 00738cam a22002171a 4500 | ||
|---|---|---|---|
| 001 | ne 68001568 | ||
| 003 | DLC | ||
| 005 | 20260227111841.0 | ||
| 008 | 870420s1926 ua b 000 0 arar | ||
| 010 | _ane 68001568 | ||
| 035 | _a(OCoLC)15554588 | ||
| 040 |
_aDLC _cInU _dInU _dDLC |
||
| 042 | _apremarc | ||
| 050 | 0 | 0 |
_aPJ7543.T33 _bH8 |
| 100 | 1 | _aḤusayn, Muḥammad al-Khiḍr. | |
| 245 | 1 | 0 |
_aNaqḍ kitāb Fī al-shiʻr al-Jāhilī / _ctaʼlīf Muḥammad al-Khiḍr Ḥusayn. |
| 260 |
_aal-Qāhirah : _bal-Maṭbaʻah al-Salafīyah wa-Maktabatuhā, _c1345 [1926 or 7] |
||
| 300 |
_a7, 362 p. ; _c25 cm. |
||
| 504 | _aIncludes bibliographical references. | ||
| 600 | 1 | 0 |
_aḤusayn, Ṭāhā, _d1889-1973. _tFī al-shiʻr al-Jāhilī. |
| 999 |
_c50329 _d50329 |
||